| 000 | 00539nam a22001577a 4500 | ||
|---|---|---|---|
| 082 | _a621 | ||
| 100 | _aNawaz, Javed | ||
| 245 |
_aComputer Code Development For Performance Analysis Of An Aero Engine / _cJaved Nawaz |
||
| 260 |
_aIslamabad : _bSMME - NUST, _c2016. |
||
| 300 |
_a48 p. ; _c30cm. |
||
| 650 |
_aMechanical Engineering-MS-Thesis _916090 |
||
| 700 |
_aDr. Samiur Rahman _935483 |
||
| 856 | _uhttp://10.250.8.41:8080/xmlui/handle/123456789/12770 | ||
| 942 |
_2ddc _cTHE |
||
| 999 |
_c541148 _d541148 |
||